Quizz sur la Géozone - Statistiques

Statistiques générales
  • Ce quiz a été pris 10 fois
  • Le résultat moyen est 5 sur 11
Statistiques - réponses
Hint Réponse % Correct
Quel jour de la semaine fait-il des lives ? Mercredi
100%
Premier pays à avoir eu un World Tour Estonie
71%
Citer un des départements où il a vécu Marne / Haut Rhin / Côte d'Or
57%
Quelle ville a-t-il élu pire de France, avant de la défendre dans une vidéo attitrée ? Nevers
57%
Ville de naissance Reims
57%
Prénom de Géozone Théo
57%
Plus vielle vidéo de la chaîne Le World Tour 0
43%
Vidéo la plus vue A quoi sert Gibraltar ?
29%
Combien de vues (arrondi au million) a-t-il fait ? 7 millions
14%
Quelle vidéo a-t-il fait qui est ma préféré ? Quelle est la pire ville de France ?
14%
Vidéo la moins vue GEONEWS #3 : LE GROS PROJET DE CET ETE !
0%
Aucun quiz correspondant
Distribution des résultats
% des personnes avec chaque résultat
Percentile par nombre de réponses
Votre historique - résultats
Vous n’avez pas pris ce quiz